| 000 | 00637nam a2200205 i 4500 | ||
|---|---|---|---|
| 001 | 13254 | ||
| 003 | ES-MaACL | ||
| 005 | 20230906150532.0 | ||
| 007 | t| | ||
| 008 | 940811s1994 sp |||| |bspa d | ||
| 020 | _a84-7209-271-2 | ||
| 080 | _a929 Jiménez Blanco, Antonio | ||
| 100 | 1 |
_aJiménez Blanco, Antonio. _966465 |
|
| 245 | 1 | 4 |
_aLos niños de la guerra ya somos viejos / _cAntonio Jiménez Blanco ; prólogo de Emilio Attard. |
| 260 |
_aMadrid : _bUnión Editorial, _c[1994] |
||
| 300 |
_a425 p ; _c24 cm. |
||
| 600 | 1 | 4 |
_aJiménez Blanco, Antonio. _966465 |
| 700 | 1 |
_aAttard, Emilio. _923769 |
|
| 852 |
_aES-MaACL _jL-20605 |
||
| 999 |
_c13254 _d13254 |
||